Nacin̤, patrimonio cultural y legislacin̤

Detalles Bibliográficos
Autor principal: Cottom, Bolfy
Formato: eBook
Lenguaje:español
Publicado: Ciudad de Mx̌ico: Cm̀ara de Diputados, 2008
Materias:
Acceso en línea:Acceso restringido

MARC

LEADER 00000nam a22000007a 4500
005 20171213183956.0
007 cr|||| ||||
008 171213s2008 mx |||||s|||| 00||0 spa d
020 |a 978-607-401-058-9 
035 |a 20910 
040 |a vLex 
090 |c 7322  |d 7322 
100 1 |a Cottom, Bolfy 
245 1 0 |a Nacin̤, patrimonio cultural y legislacin̤  |h [Recurso electrn̤ico] /  |c Bolfy Cottom  
256 |a Servicio en ln̕ea 
260 |a Ciudad de Mx̌ico:  |b Cm̀ara de Diputados,  |c 2008 
300 |a 1 recurso electrn̤ico 
500 |a Los debates parlamentarios y la construccin̤ del marco jurd̕ico federal sobre monumentos en Mx̌ico, siglo XX 
506 1 |a Disponible solo en los productos indicados  |d vLex Global  |d vLex Global (Academic Edition, excluding Law Schools)  |d vLex Global (U.S. Academic Edition, Law Schools)  |d vLex Global (U.S. Academic Edition, excluding Law Schools)  |d vLex Global (Academic Edition, Law Schools) 
650 0 4 |a Derecho Civil  |z Mx̌ico 
650 0 4 |a Derecho Constitucional  |z Mx̌ico 
740 0 |a vLex Libros (Servicio en ln̕ea) 
856 4 0 |u http://vlex.com/source/nacion-patrimonio-cultural-y-legislacion-20910/  |z Acceso restringido 
942 |c BOOK 
999 0 |a Civil law 
999 0 |a Constitutional law